[Event "Larsens Nordjyske Mindeturnering2018"]
[Site "KATEDRALSKOLEN AALBORG"]
[Date "2018.10.13"]
[Round "1.12"]
[White "Pedersen, Svend"]
[Black "Nørregaard, Claus"]
[Result "1-0"]
[BlackElo "1944"]
[WhiteElo "2194"]
[LiveChessVersion "1.4.8"]

1. e4 {[%clk 1:30:57]} e5 {[%clk 1:30:42]} 2. Nc3 {[%clk 1:31:07]} Nc6
{[%clk 1:31:01]} 3. Bc4 {[%clk 1:31:19]} Nf6 {[%clk 1:30:35]} 4. d3
{[%clk 1:31:40]} Na5 {[%clk 1:29:08]} 5. Nf3 {[%clk 1:31:48]} Nxc4
{[%clk 1:29:27]} 6. dxc4 {[%clk 1:32:15]} d6 {[%clk 1:29:45]} 7. h3
{[%clk 1:31:47]} Be6 {[%clk 1:28:48]} 8. Qd3 {[%clk 1:31:46]} h6 {[%clk 1:28:38]}
9. Be3 {[%clk 1:30:48]} Nd7 {[%clk 1:21:06]} 10. O-O-O {[%clk 1:24:00]} g6
{[%clk 1:19:42]} 11. g4 {[%clk 1:17:49]} Bg7 {[%clk 1:19:35]} 12. g5
{[%clk 1:16:16]} h5 {[%clk 1:15:47]} 13. Nd5 {[%clk 1:10:05]} O-O
{[%clk 1:07:38]} 14. Kb1 {[%clk 1:07:03]} Nb6 15. Qb3 {[%clk 0:56:34]} Nxc4
{[%clk 0:58:18]} 16. Qxc4 {[%clk 0:56:50]} c6 {[%clk 0:58:43]} 17. Qb3
{[%clk 0:55:39]} cxd5 {[%clk 0:59:00]} 18. exd5 {[%clk 0:55:44]} Bf5
{[%clk 0:56:09]} 19. Nh4 {[%clk 0:53:54]} Qd7 {[%clk 0:51:48]} 20. Nxf5
{[%clk 0:49:42]} Qxf5 {[%clk 0:51:47]} 21. Qb4 {[%clk 0:37:14]} Qd7
{[%clk 0:46:56]} 22. Rd3 {[%clk 0:33:10]} a5 {[%clk 0:46:16]} 23. Qe4
{[%clk 0:33:29]} b5 {[%clk 0:45:23]} 24. Rc3 {[%clk 0:31:38]} Rfc8
{[%clk 0:41:06]} 25. Rc6 {[%clk 0:29:47]} Rxc6 {[%clk 0:41:20]} 26. dxc6
{[%clk 0:27:32]} Qc7 {[%clk 0:41:34]} 27. Qd5 {[%clk 0:24:41]} Ra6
{[%clk 0:38:19]} 28. Qxb5 {[%clk 0:19:34]} Rxc6 {[%clk 0:36:32]} 29. Rd1
{[%clk 0:15:45]} Rxc2 {[%clk 0:34:44]} 30. Bb6 {[%clk 0:15:07]} Qc6
{[%clk 0:34:18]} 31. Qxc6 {[%clk 0:14:38]} Rxc6 {[%clk 0:34:42]} 32. Bxa5
{[%clk 0:15:04]} Kf8 {[%clk 0:34:25]} 33. b4 {[%clk 0:12:06]} e4 {[%clk 0:28:32]}
34. Rd5 {[%clk 0:09:31]} Ke7 {[%clk 0:28:09]} 35. b5 {[%clk 0:07:43]} Rc5
{[%clk 0:28:24]} 36. Rxc5 {[%clk 0:07:30]} dxc5 {[%clk 0:28:48]} 37. Kc2
{[%clk 0:02:00]} Kd7 {[%clk 0:24:29]} 38. Bc3 {[%clk 0:01:48]} Bd4
{[%clk 0:24:32]} 39. Bxd4 {[%clk 0:01:52]} cxd4 {[%clk 0:24:57]} 40. a4
{[%clk 0:01:53]} Kd6 {[%clk 0:23:59]} 41. a5 {[%clk 0:01:32]} Kc5
{[%clk 0:24:02]} 42. b6 {[%clk 0:01:53]} Kc6 {[%clk 0:24:22]} 43. Kb3
{[%clk 0:02:11]} Kb7 {[%clk 0:16:50]} 44. Kc4 {[%clk 0:01:57]} d3
{[%clk 0:17:09]} 45. Kxd3 exd3 1-0